| 000 | 00488 a2200157 4500 | ||
|---|---|---|---|
| 005 | 20250628132927.0 | ||
| 020 | _a0-13-535197-9 | ||
| 082 | _a155.25 OCO | ||
| 100 | _aO'CONNELL, A. | ||
| 245 | _aChoice and Change: An Interactive Psychology Text With Applications for Everyday Life. | ||
| 250 | _a5th Ed. | ||
| 260 |
_aNew Jersey, _bPrentice Hall, _c1997. |
||
| 300 |
_axxvi, 432p.:ill.; figure, picture _bGlossary, Index & References _c26cm |
||
| 700 | _aO'CONNELL, V. | ||
| 942 |
_2ddc _cBKS |
||
| 999 |
_c6022 _d6022 |
||